000 00998nam a2200289Ia 4500
999 _c4780
_d4780
003 OSt
005 20200609140621.0
008 191128s2013 njuad gr 000 0 spa d
020 _a9781118233597
040 _aCO-JMCR
_cCO-JMCR
041 1 _aspa
_heng
082 0 4 _a330.1 /
_bW241e
_223
100 1 _aWelch, Patrick J.,
_eautor
_95245
245 1 0 _aEconomics :
_b theory & practice /
_cPatrick J. Welch, Gerry F. Welch
250 _aTenth edition
260 _aHoboken :
_bWiley,
_c2013
300 _axx, 538 páginas :
_bilustraciones y gráficos a color ;
_c25 cm.
500 _aIncluye índice páginas 525-538.
500 _aIncluye glosario páginas 507-515
505 _aIntroduction to economics -- The macroeconomy -- The microeconomy -- The international economy
546 _aTraducido del inglés.
650 1 4 _aEconomía
_95246
650 2 4 _aMacroeconomía
_95247
650 2 4 _aMercadeo internacional
_95248
700 1 _aWelch, Gerry F.,
_eautor
_95249
942 _2ddc
_cBK